| 000 | 00733nam a22001817a 4500 | ||
|---|---|---|---|
| 003 | OSt | ||
| 005 | 20260129034602.0 | ||
| 008 | 260129b |||||||| |||| 00| 0 eng d | ||
| 040 |
_aDWCL-Main lib _cOC |
||
| 082 |
_22008 Revised Expanded edition. _aRes. 344.07 S246e 2006 |
||
| 100 | _aSarmiento III, Ulpiano "Ulan" P. | ||
| 245 |
_aEducational law and private schools : _ba practical guide for educational leaders and policy makers _cSarmiento III, Ulpiano "Ulan" P. |
||
| 260 |
_a[S.l.] : _bCentral Books, _cc2006. |
||
| 300 |
_axiii, 1090 pages ; _c24 cm. |
||
| 650 | _a1. Education-Law and legislation-Philippines. | ||
| 650 | _a2. Private education and schools-Law and legislation-Philippines. | ||
| 942 |
_2ddc _cBK-0 CIRC _kRes. _n0 |
||
| 999 |
_c7951 _d7951 |
||